000 00483nam a2200169Ia 4500
008 230711s9999||||xx |||||||||||||| ||und||
020 _a978-0-521-12735-6
041 _aENG
082 _a621.3815
_bKA-D
100 _aKaeslin,Hubert
245 0 _aDigiatl integrated circuits design : from VLSI Architecture to CMOS fabrication
250 _a1st Ed.
260 _c2008
_aNew Delhi
_bCambridge University Press
300 _a845p.
650 _aElectronics Engineering
942 _cBK
999 _c6318
_d6318